000 00663nam a2200181Ia 4500
008 151018s9999 xx 000 0 und d
082 _bRBASDV4117
_a891.463
100 _aदिनकर नीलकंठ देशपांडे
245 _aसाहसिक वैमानिक
250 _b1
260 _bवोरा अड कंपनी
_c1960
300 _a32
600 _aदिनकर नीलकंठ देशपांडे
630 _aसाहसिक वैमानिक
700 _aदिनकर नीलकंठ देशपांडे
730 _aसाहसिक वैमानिक
942 _cBOOK
999 _c1006518
_d1006515